<?xml version="1.0" encoding="UTF-8"?>
<record
    xmlns:xsi="http://www.w3.org/2001/XMLSchema-instance"
    xsi:schemaLocation="http://www.loc.gov/MARC21/slim http://www.loc.gov/standards/marcxml/schema/MARC21slim.xsd"
    xmlns="http://www.loc.gov/MARC21/slim">

  <leader>00827cam a2200241 i 4500</leader>
  <controlfield tag="001">18778364</controlfield>
  <controlfield tag="003">OSt</controlfield>
  <controlfield tag="005">20250627101347.0</controlfield>
  <controlfield tag="008">150910q2011    ck     er     000 pdspa c</controlfield>
  <datafield tag="020" ind1=" " ind2=" ">
    <subfield code="a">9789588610108</subfield>
  </datafield>
  <datafield tag="040" ind1=" " ind2=" ">
    <subfield code="a">CO-JMCR</subfield>
    <subfield code="c">CO-JMCR</subfield>
  </datafield>
  <datafield tag="041" ind1="0" ind2=" ">
    <subfield code="a">spa</subfield>
  </datafield>
  <datafield tag="082" ind1="0" ind2="4">
    <subfield code="a">A-P</subfield>
    <subfield code="b">ARRu</subfield>
    <subfield code="2">23</subfield>
  </datafield>
  <datafield tag="100" ind1="1" ind2=" ">
    <subfield code="a">Arr&#xE1;iz Lucca, Rafael, </subfield>
    <subfield code="e">autor</subfield>
    <subfield code="9">13608</subfield>
  </datafield>
  <datafield tag="245" ind1="1" ind2="0">
    <subfield code="a">Un bonzo sobre la nieve : </subfield>
    <subfield code="b">1992-2011 / </subfield>
    <subfield code="c">Rafael Arr&#xE1;iz Lucca</subfield>
  </datafield>
  <datafield tag="260" ind1=" " ind2=" ">
    <subfield code="a">Bogot&#xE1; : </subfield>
    <subfield code="b">Trilce Editores, </subfield>
    <subfield code="c">[2011].</subfield>
  </datafield>
  <datafield tag="300" ind1=" " ind2=" ">
    <subfield code="a">112 p&#xE1;ginas ; </subfield>
    <subfield code="c">21 cm.</subfield>
  </datafield>
  <datafield tag="500" ind1=" " ind2=" ">
    <subfield code="a">Incluye datos biogr&#xE1;ficos del autor en solapa frontal.</subfield>
  </datafield>
  <datafield tag="505" ind1="0" ind2=" ">
    <subfield code="a">Pesadumbre en Bridgetown (1992) -- Poemas Ingleses (1997) -- Pleno Solar (2002) -- Un bozo sobre la nieve (2011)</subfield>
  </datafield>
  <datafield tag="650" ind1="1" ind2="4">
    <subfield code="a">Literatura venezolana.</subfield>
    <subfield code="9">13609</subfield>
  </datafield>
  <datafield tag="650" ind1="2" ind2="4">
    <subfield code="a">Poes&#xED;a venezolana.</subfield>
    <subfield code="9">13610</subfield>
  </datafield>
  <datafield tag="942" ind1=" " ind2=" ">
    <subfield code="2">ddc</subfield>
    <subfield code="c">BK</subfield>
  </datafield>
  <datafield tag="999" ind1=" " ind2=" ">
    <subfield code="c">7228</subfield>
    <subfield code="d">7228</subfield>
  </datafield>
  <datafield tag="952" ind1=" " ind2=" ">
    <subfield code="0">0</subfield>
    <subfield code="1">0</subfield>
    <subfield code="2">ddc</subfield>
    <subfield code="4">0</subfield>
    <subfield code="7">0</subfield>
    <subfield code="a">CPL</subfield>
    <subfield code="b">CPL</subfield>
    <subfield code="c">GEN</subfield>
    <subfield code="d">2020-10-02</subfield>
    <subfield code="e">Donaci&#xF3;n</subfield>
    <subfield code="o">A-P ARRu</subfield>
    <subfield code="p">201810338</subfield>
    <subfield code="r">2021-02-18 00:00:00</subfield>
    <subfield code="t">Ej.1</subfield>
    <subfield code="w">2020-10-02</subfield>
    <subfield code="y">BK</subfield>
    <subfield code="z">exlibris: Nota en l&#xE1;piz del autor en primera hoja.</subfield>
  </datafield>
</record>
